[Event "Final Mistrzostw Polski Mlodzikow do lat 10 - Chlopcy"]
[Site "Szczyrk"]
[Date "1899-12-30"]
[Round "2.2"]
[White "Ochedzan, Filip"]
[Black "Durzynski, Jan"]
[Result "1-0"]
[WhiteTitle "II"]
[BlackTitle "II+"]
[WhiteElo "1596"]
[BlackElo "1170"]

1. e4 c5 2. Nf3 e6 3. d4 cxd4 4. Nxd4 a6 5. Bd3 Bc5 6. Nb3 Ba7 7. c4 d6 8. Nc3
Nf6 9. O-O Bd7 10. Bf4 Bc6 11. Bc2 e5 12. Bg5 h6 13. Bxf6 Qxf6 14. Qe2 O-O 15.
Rfd1 Bb6 16. Rd2 Nd7 17. Rad1 Bc7 18. Rd3 Rfe8 19. Rf3 Qe7 20. Rg3 Nf8 21. Qd2
Ng6 22. Nd5 Bxd5 23. Qxd5 Nf4 24. Qd2 Rac8 25. Bd3 Bb6 26. Bf1 Red8 27. Rc3 Ne6
28. g3 Bd4 29. Nxd4 Nxd4 30. b3 Qf6 31. Qe3 b6 32. f4 b5 33. cxb5 axb5 34. a4
b4 35. Rc4 Nc2 36. Qd2 Nd4 37. Qxb4 Rb8 38. Qa5 Nxb3 39. Qc7 exf4 40. Rb1 fxg3
41. hxg3 Qe6 42. Rxb3 Rbc8 43. Qa5 Ra8 44. Qd5 Qe8 45. a5 Qe7 46. Kg2 Rdc8 47.
Rb7 Qf6 48. a6 Qg6 49. a7 Re8 50. Rcb4 Rac8 51. Rb8 Rc2+ 52. Kh3 Qf6 53. Rxe8+
Kh7 54. Qf5+ 1-0

[Event "Final Mistrzostw Polski Mlodzikow do lat 10 - Chlopcy"]
[Site "Szczyrk"]
[Date "1899-12-30"]
[Round "2.3"]
[White "Pycinski, Wladyslaw"]
[Black "Wojtacha, Krzysztof"]
[Result "0-1"]
[WhiteTitle "II"]
[BlackTitle "I"]
[WhiteElo "1194"]
[BlackElo "1524"]

1. e4 c5 2. Nf3 e6 3. d4 cxd4 4. Nxd4 a6 5. c4 Nf6 6. Nc3 Bb4 7. Qd3 Qc7 8. Be2
Bxc3+ 9. bxc3 d6 10. Ba3 Nbd7 11. Nb3 Nc5 12. Nxc5 dxc5 13. Rd1 Bd7 14. f3 Ba4
15. Qd6 Qxd6 16. Rxd6 Nd7 17. Kf2 Ke7 18. Rd2 b6 19. Rb1 Rhb8 20. Bd1 Bxd1 21.
Rbxd1 Ne5 22. Bc1 Rd8 23. Rxd8 Rxd8 24. Rxd8 Kxd8 25. Kg3 Kd7 26. h4 h5 27. Kh3
g6 28. f4 Nxc4 29. g4 Nd6 30. e5 Ne4 31. gxh5 gxh5 32. Bb2 b5 33. Kg2 Kc6 34.
Kf3 Kd5 35. a4 Nd2+ 36. Ke2 Nc4 37. axb5 axb5 38. Bc1 Ke4 39. Kf2 Kd3 40. Kg3
Ke4 41. Kf2 b4 42. Kg3 b3 43. Kf2 b2 44. Bxb2 Nxb2 45. Kg3 Nd1 46. c4 Ne3 0-1

[Event "Final Mistrzostw Polski Mlodzikow do lat 10 - Chlopcy"]
[Site "Szczyrk"]
[Date "1899-12-30"]
[Round "2.4"]
[White "Grobelny, Mikolaj"]
[Black "Witczak, Borys"]
[Result "1-0"]
[WhiteTitle "II+"]
[BlackTitle "II"]
[WhiteElo "1477"]
[BlackElo "1159"]

1. e4 e5 2. Nf3 Nc6 3. d4 exd4 4. Nxd4 Bc5 5. Be3 Qf6 6. Nb5 Bxe3 7. fxe3 Qh4+
8. g3 Qd8 9. Qg4 g6 10. Qf4 d6 11. Bc4 Ne5 12. O-O Qe7 13. N1c3 g5 14. Qf2 c6
15. Bxf7+ Kf8 16. Bxg8+ Kxg8 17. Nc7 Rb8 18. Qf6 Qxf6 19. Rxf6 Kg7 20. Raf1 Bh3
21. Ne6+ Bxe6 22. Rxe6 Rhd8 23. Rf5 h6 24. Rff6 Nf7 25. Ne2 Re8 26. Nd4 Rxe6 27.
Rxe6 Kf8 28. Nf5 Re8 29. Rf6 Kg8 30. Rxf7 Kxf7 31. Nxd6+ Ke7 32. Nxe8 Kxe8 33.
Kf2 g4 34. Ke2 Ke7 35. Kd3 Ke6 36. Kd4 b6 37. e5 c5+ 38. Ke4 b5 39. b3 a5 40.
c4 b4 41. Kf4 h5 42. Ke4 Ke7 43. Kd5 Kd7 44. e6+ Ke7 45. Ke5 Ke8 46. Kd6 Kd8 47.
e4 Ke8 48. e7 Kf7 49. Kd7 h4 50. e8=Q+ Kf6 51. Qf8+ Ke5 52. Qf5+ Kd4 53. Kd6 a4
54. Qf2+ Kxe4 55. Qf4+ Kd3 56. Ke5 a3 57. Qe4+ Kc3 58. Qe3+ Kc2 59. Qe2+ Kc3 60.
Ke4 h3 61. Qd1 Kb2 62. Kd3 Kxa2 63. Qc2+ Ka1 64. Ke4 a2 65. Qc1# 1-0

[Event "Final Mistrzostw Polski Mlodzikow do lat 10 - Chlopcy"]
[Site "Szczyrk"]
[Date "1899-12-30"]
[Round "2.5"]
[White "Konieczny, Marek"]
[Black "Suska, Szymon"]
[Result "0-1"]
[WhiteTitle "II"]
[BlackTitle "II+"]
[WhiteElo "1166"]
[BlackElo "1416"]

1. e4 c5 2. Nf3 d6 3. d4 cxd4 4. Nxd4 Nf6 5. Be3 Nxe4 6. f3 Nf6 7. Nc3 Nc6 8. Nb3
g6 9. Qd2 Bg7 10. O-O-O Bd7 11. Kb1 Rc8 12. Bd3 Na5 13. Nxa5 Qxa5 14. Rde1 Be6
15. a3 O-O 16. g4 Nd5 17. Nxd5 Qxd5 18. c4 Rxc4 19. Bxc4 Qxc4 20. Qb4 Qa2+ 21.
Kc2 Rc8+ 22. Kd1 Bc4 23. Qxb7 Qb1+ 24. Kd2 Qd3+ 25. Kc1 Ba6+ 26. Qxc8+ Bxc8 27.
Bxa7 Bh6+ 0-1

[Event "Final Mistrzostw Polski Mlodzikow do lat 10 - Chlopcy"]
[Site "Szczyrk"]
[Date "1899-12-30"]
[Round "2.6"]
[White "Dobrowolski, Kamil"]
[Black "Zmarzly, Wiktor"]
[Result "1/2-1/2"]
[WhiteTitle "II"]
[BlackTitle "II"]
[WhiteElo "1157"]
[BlackElo "1388"]

1. e4 c5 2. c3 d5 3. exd5 Qxd5 4. d4 Bf5 5. Nf3 Nc6 6. Be3 cxd4 7. Nxd4 Nxd4 8.
Qxd4 Qxd4 9. Bxd4 a6 10. Nd2 Nf6 11. O-O-O e6 12. Nc4 Be7 13. Bxf6 gxf6 14. Nd6+
Bxd6 15. Rxd6 Ke7 16. Rd2 Rad8 17. Be2 Rxd2 18. Kxd2 Be4 19. f3 Bc6 20. Ke3 Rg8
21. g3 f5 22. Rd1 h5 23. Kf2 Rh8 24. h4 e5 25. Bd3 Bd7 26. Re1 Kf6 27. Rd1 Be6
28. b3 Ke7 29. c4 f6 30. a3 Rd8 31. Bc2 Rxd1 32. Bxd1 Bf7 33. Bc2 Ke6 34. Ke3
Bg6 35. Bd1 Kd6 36. b4 b6 37. a4 a5 38. bxa5 bxa5 39. Be2 Kc5 40. f4 e4 41. Bd1
Kxc4 42. Be2+ Kb4 43. Bb5 Bf7 44. Kd2 Bc4 45. Be8 Bb3 46. Bxh5 Kxa4 47. Bg6 Ka3
48. h5 Kb2 49. h6 Bg8 50. h7 Bxh7 51. Bxh7 a4 52. Bxf5 a3 53. Be6 f5 54. Ke3 a2
55. Bxa2 Kxa2 56. g4 fxg4 57. Kxe4 Kb3 58. Ke3 Kc4 59. f5 g3 60. Kf3 g2 61. Kxg2
Kd5 62. Kg3 Ke5 63. Kg4 Kf6 64. Kf4 Kf7 65. Ke5 Ke7 66. f6+ Kf7 67. Kf5 Kf8 68.
Kg6 Kg8 69. Kh6 Kf7 70. Kg5 Kf8 1/2-1/2

[Event "Final Mistrzostw Polski Mlodzikow do lat 10 - Chlopcy"]
[Site "Szczyrk"]
[Date "1899-12-30"]
[Round "2.7"]
[White "Lecki, Leonard"]
[Black "Lewek, Jakub"]
[Result "1-0"]
[WhiteTitle "II"]
[BlackTitle "II"]
[WhiteElo "1373"]
[BlackElo "1155"]

1. e4 e6 2. d4 d5 3. Nd2 Be7 4. Ngf3 Nf6 5. e5 Nfd7 6. Bd3 c5 7. c3 Nc6 8. Bb1
Qc7 9. O-O g5 10. Nb3 g4 11. Ne1 b6 12. f4 h5 13. f5 Ba6 14. fxe6 fxe6 15. Bg6+
Kd8 16. Rf7 Kc8 17. Be3 cxd4 18. cxd4 Kb7 19. Rc1 Nf8 20. Bd3 Bxd3 21. Qxd3 Qd7
22. Qb5 Rc8 23. Nc5+ Bxc5 24. Rxd7+ Nxd7 25. dxc5 h4 26. cxb6 Nxb6 27. a4 d4 28.
Bd2 a6 29. Qb3 a5 30. Qxe6 g3 31. Nd3 gxh2+ 32. Kxh2 h3 33. gxh3 Rhe8 34. Qb3
Rcd8 35. Qb5 Rc8 36. Bxa5 1-0

[Event "Final Mistrzostw Polski Mlodzikow do lat 10 - Chlopcy"]
[Site "Szczyrk"]
[Date "1899-12-30"]
[Round "2.8"]
[White "Hartlinski, Tomasz"]
[Black "Kaszuba, Michal"]
[Result "0-1"]
[WhiteTitle "II"]
[BlackTitle "II"]
[WhiteElo "1155"]
[BlackElo "1370"]

1. e4 Nf6 2. e5 Nd5 3. d4 d6 4. exd6 exd6 5. c4 Nb6 6. Nc3 Nc6 7. Be3 Bf5 8. a3
Be7 9. Bd3 Bxd3 10. Qxd3 Na5 11. Rc1 Naxc4 12. Nb5 c6 13. Nc3 Nxe3 14. fxe3 O-O
15. Nf3 Re8 16. O-O Bg5 17. Nxg5 Qxg5 18. Ne4 Qe7 19. Ng3 g6 20. Rce1 d5 21. b3
Qxa3 22. e4 Qb4 23. Qf3 Qxd4+ 24. Kh1 Qg7 25. exd5 Nxd5 26. Rxe8+ Rxe8 27. Ne4
f5 0-1

[Event "Final Mistrzostw Polski Mlodzikow do lat 10 - Chlopcy"]
[Site "Szczyrk"]
[Date "1899-12-30"]
[Round "2.9"]
[White "Chomicki, Kornel"]
[Black "Jasiulewicz, Kamil"]
[Result "0-1"]
[WhiteTitle "II"]
[BlackTitle "II"]
[WhiteElo "1320"]
[BlackElo "1089"]

1. e4 e5 2. Nf3 Nf6 3. Nc3 d6 4. Bc4 Be7 5. d3 a6 6. a3 O-O 7. O-O Nc6 8. Nd5 Nxd5
9. Bxd5 Bd7 10. Be3 Kh8 11. Qd2 f5 12. Bg5 f4 13. Bxe7 Qxe7 14. Bxc6 Bxc6 15.
Rfe1 Bd7 16. d4 Bg4 17. Qd3 Rf6 18. h3 Bxf3 19. Qxf3 exd4 20. Rad1 c5 21. Re2
Qe5 22. Ree1 Raf8 23. c3 dxc3 24. bxc3 h6 25. Rd5 Qe7 26. Re2 Re6 27. Rd1 g5 28.
Rde1 Re5 29. Qh5 Kg7 30. Qf3 b5 31. Rd1 Re8 32. Red2 Rd8 33. c4 bxc4 34. Qc3 Qe6
35. Rd5 Kf6 36. Qxc4 Rxe4 37. Qxa6 Ke7 38. Kh2 f3 39. gxf3 Rd4 40. R1xd4 cxd4
41. Qc4 Rf8 42. Qxd4 Rxf3 43. Kg1 Rxh3 44. Qg7+ Kd8 45. Qh8+ Kd7 46. Qh7+ Kc6
47. Rf5 Qe1+ 48. Kg2 Qh1# 0-1

[Event "Final Mistrzostw Polski Mlodzikow do lat 10 - Chlopcy"]
[Site "Szczyrk"]
[Date "1899-12-30"]
[Round "2.10"]
[White "Ziobrowski, Wojciech"]
[Black "Oglaza, Dawid"]
[Result "1/2-1/2"]
[WhiteTitle "II"]
[BlackTitle "II"]
[WhiteElo "1048"]
[BlackElo "1320"]

1. e4 c5 2. Nf3 Nc6 3. d4 cxd4 4. Nxd4 Nf6 5. Nc3 d6 6. Bc4 e5 7. Nf5 Bxf5 8. exf5
Be7 9. Be3 Qc8 10. Nb5 Qd7 11. Qf3 O-O 12. O-O-O e4 13. Qf4 Ne5 14. Be2 Nd3+ 15.
Bxd3 exd3 16. Nd4 dxc2 17. Kxc2 Qa4+ 18. Kb1 d5 19. Ne6 Qxf4 20. Nxf4 Rfd8 21.
Bd4 Ne4 22. f3 Nd6 23. Nxd5 Nxf5 24. Nxe7+ Nxe7 25. Rhe1 Ng6 26. h4 Nxh4 27. Bxa7
Nxg2 28. Rxd8+ Rxd8 29. Re7 h5 30. Rxb7 h4 31. Rb8 Rxb8 32. Bxb8 Kf8 33. Kc2 Ne1+
34. Kd2 Nxf3+ 35. Ke3 Ng5 36. Kf4 Ne6+ 37. Kg4 g5 38. Be5 Ke7 39. b4 1/2-1/2

[Event "Final Mistrzostw Polski Mlodzikow do lat 10 - Chlopcy"]
[Site "Szczyrk"]
[Date "1899-12-30"]
[Round "2.11"]
[White "Przybys, Bruno"]
[Black "Jagodzinski, Jaromir"]
[Result "1-0"]
[WhiteTitle "III"]
[BlackTitle "II"]
[WhiteElo "1021"]
[BlackElo "1292"]

1. e4 c5 2. f4 Nf6 3. d3 Nc6 4. Be3 g6 5. Be2 Bg7 6. Bf3 d6 7. Ne2 Bg4 8. Nec3
Bxf3 9. Qxf3 O-O 10. Nd2 Nd7 11. O-O Bd4 12. Bxd4 Nxd4 13. Qd1 Qb6 14. Nc4 Qc6
15. Nd5 Rfe8 16. Qd2 e6 17. Na5 Qc8 18. Ne3 Nb6 19. c3 Nc6 20. Nac4 Nxc4 21. dxc4
Qc7 22. Rad1 Rad8 23. Ng4 Kg7 24. f5 exf5 25. Qh6+ Kh8 26. Nf6 Kg8 1-0

[Event "Final Mistrzostw Polski Mlodzikow do lat 10 - Chlopcy"]
[Site "Szczyrk"]
[Date "1899-12-30"]
[Round "2.15"]
[White "Sowinski, Pawel"]
[Black "Wesolowski, Jeremi"]
[Result "1-0"]
[WhiteTitle "I++"]
[BlackTitle "II"]
[WhiteElo "1824"]
[BlackElo "1142"]

1. e4 c5 2. Nf3 e6 3. d4 cxd4 4. Nxd4 Nf6 5. Nc3 Nc6 6. Nxc6 bxc6 7. Bd3 d5 8.
O-O Be7 9. Re1 O-O 10. e5 Nd7 11. Qg4 Kh8 12. Qh3 g6 13. Bh6 Rg8 14. Qf3 Bg5 15.
Bxg5 Qxg5 16. Qe2 a6 17. b4 c5 18. bxc5 Nxc5 19. Rab1 Bb7 20. Na4 Nxd3 21. cxd3
Bc6 22. Qc2 Bb5 23. Nc5 Rac8 24. d4 Qh4 25. Qd2 Qe7 26. a4 Bc4 27. Rb7 Qe8 28.
Qf4 Rg7 29. Qf6 Rb8 30. Nxe6 Qg8 31. Rxb8 fxe6 32. Rxg8+ 1-0

[Event "Final Mistrzostw Polski Mlodzikow do lat 10 - Chlopcy"]
[Site "Szczyrk"]
[Date "1899-12-30"]
[Round "2.16"]
[White "Uhryn, Lukasz"]
[Black "Adamala, Tomasz"]
[Result "1-0"]
[WhiteTitle "II"]
[BlackTitle "II"]
[WhiteElo "1413"]
[BlackElo "1049"]

1. e4 c5 2. Nf3 Nc6 3. d4 cxd4 4. Nxd4 g6 5. c4 Nf6 6. Nc3 Nxd4 7. Qxd4 d6 8. Be3
Bg7 9. Be2 O-O 10. Qd2 Bd7 11. O-O a5 12. f3 a4 13. Rac1 Qa5 14. Rfd1 Rfc8 15.
Nd5 Qxd2 16. Rxd2 Nxd5 17. exd5 a3 18. b3 Bb2 19. Rcd1 Ra5 20. Bd4 Bxd4+ 21. Rxd4
Raa8 22. Re4 Kf8 23. Bf1 Bf5 24. Re3 Rc5 25. Rde1 Re8 26. b4 Rc7 27. Rxa3 Bd7
28. Rae3 e6 29. dxe6 Bxe6 30. Rc1 Ra8 31. a3 Rac8 32. Rec3 b6 33. Kf2 d5 34. c5
Ke7 35. Ke3 Kf6 36. Kd4 bxc5+ 37. Rxc5 Rxc5 38. Rxc5 Rb8 39. Ba6 Ke7 40. b5 Kd6
41. a4 f6 42. Rc6+ Kd7 43. Kc5 h5 44. b6 d4 45. Rd6+ Ke7 46. Kc6 Ra8 47. Bb7 Rxa4
48. Kc7 Rc4+ 49. Bc6 Rxc6+ 1-0

[Event "Final Mistrzostw Polski Mlodzikow do lat 10 - Chlopcy"]
[Site "Szczyrk"]
[Date "1899-12-30"]
[Round "2.17"]
[White "Kozak, Karol"]
[Black "Komendecki, Grzegorz"]
[Result "1-0"]
[WhiteTitle "II"]
[BlackTitle "II"]
[WhiteElo "1271"]
[BlackElo "1113"]

1. e4 c5 2. Nf3 a6 3. c4 d6 4. d4 cxd4 5. Nxd4 g6 6. Nc3 Bg7 7. Be3 e6 8. Be2 Ne7
9. O-O O-O 10. f4 Nbc6 11. Nxc6 bxc6 12. Bf3 Bb7 13. g4 f5 14. exf5 exf5 15. g5
d5 16. cxd5 Nxd5 17. Nxd5 cxd5 18. Qb3 Rb8 19. Ba7 Qd6 20. Bxb8 Rxb8 21. Rad1
Kh8 22. Bxd5 Qc5+ 23. Kh1 Qc7 24. Bxb7 Rxb7 25. Rd8+ Qxd8 26. Qxb7 Qe8 27. Rc1
Bf8 28. Qc6 Qe4+ 29. Qxe4 fxe4 30. Re1 Bg7 31. b3 a5 32. Rxe4 Bc3 33. Kg2 Kg7
34. Re7+ Kg8 35. Kf3 Bb4 36. Rb7 Bc3 37. h4 Be1 38. Kg4 Kh8 39. h5 gxh5+ 40. Kxh5
Bd2 41. Kh6 Bxf4 42. Rf7 Bd6 43. Rxh7+ Kg8 44. Rd7 Bb4 45. Kg6 Kf8 46. Kh7 Ke8
47. Rb7 Kd8 48. g6 Bc3 49. g7 Bxg7 50. Kxg7 Kc8 51. Rf7 Kb8 52. Kf6 Kc8 53. Ke6
Kd8 54. Rh7 a4 55. bxa4 Kc8 56. Kd6 Kb8 57. Kc6 Ka8 58. Kb6 Kb8 59. Rh8# 1-0

[Event "Final Mistrzostw Polski Mlodzikow do lat 10 - Chlopcy"]
[Site "Szczyrk"]
[Date "1899-12-30"]
[Round "2.19"]
[White "Kudraszow, Filip"]
[Black "Krawczyk, Eryk"]
[Result "1-0"]
[WhiteTitle "II"]
[BlackTitle "III"]
[WhiteElo "1184"]
[BlackElo "1020"]

1. e4 e5 2. Nf3 Nc6 3. c3 f5 4. d4 fxe4 5. Nxe5 Qf6 6. Nxc6 bxc6 7. Be2 d5 8. O-O
Bd6 9. Be3 Ne7 10. f3 O-O 11. fxe4 Qh4 12. Rxf8+ Kxf8 13. e5 Qe4 14. Bf2 Bxe5
15. dxe5 Qg6 16. Qf1 Ke8 17. Qd1 Kd8 18. Bh4 Bh3 19. Bxe7+ Kxe7 20. g3 Qe4 21.
Bf3 Qe3+ 22. Kh1 Rf8 23. Nd2 Rxf3 24. Nxf3 Qf2 25. Nh4 1-0

[Event "Final Mistrzostw Polski Mlodzikow do lat 10 - Chlopcy"]
[Site "Szczyrk"]
[Date "1899-12-30"]
[Round "2.21"]
[White "Niesyt, Michal"]
[Black "Kawa, Wojciech"]
[Result "1-0"]
[WhiteTitle "II+"]
[BlackTitle "III"]
[WhiteElo "1319"]
[BlackElo "1101"]

1. e4 d5 2. exd5 Qxd5 3. Nc3 Qa5 4. Nf3 Nf6 5. d4 c6 6. Bd2 Bf5 7. Bc4 e6 8. Ne5
Nbd7 9. Nxd7 Nxd7 10. Bb3 Qc7 11. Qe2 Qa5 12. g4 Bg6 13. f4 O-O-O 14. O-O-O Bb4
15. a3 Bxc3 16. Bxc3 Qc7 17. Rdf1 Nf6 18. Rhg1 Rhe8 19. h4 h5 20. gxh5 Nxh5 21.
Qe5 Bf5 22. Bc4 f6 23. Qxc7+ Kxc7 24. Be2 g6 25. Bxh5 gxh5 26. Rg7+ Kc8 27. Rfg1
Bg4 28. Re1 Rg8 29. Rf7 Rgf8 30. Rxf8 Rxf8 31. Bb4 Re8 32. c4 Rd8 33. Bc3 Rf8
34. b4 b5 35. cxb5 cxb5 36. Kb2 Kc7 37. a4 a6 38. axb5 axb5 39. Ra1 Rb8 40. d5
exd5 41. Bxf6 Kc6 42. Rc1+ Kd7 43. Re1 Re8 44. Rxe8 Kxe8 45. Kc3 Kd7 46. Kd4 Kd6
47. Bg7 Be6 48. Bf8+ Kc6 49. Ke5 Kd7 50. f5 Bf7 51. Bd6 Bg8 52. Bc5 Bf7 53. Kf6
Be8 54. Kg7 Kd8 55. f6 1-0

[Event "Final Mistrzostw Polski Mlodzikow do lat 10 - Chlopcy"]
[Site "Szczyrk"]
[Date "1899-12-30"]
[Round "2.22"]
[White "Mioduszewski, Szymon"]
[Black "Krogulski, Maksymilian"]
[Result "1-0"]
[WhiteTitle "III"]
[BlackTitle "II"]
[WhiteElo "1100"]
[BlackElo "1250"]

1. e4 c5 2. Nf3 e6 3. d4 cxd4 4. Nxd4 Nf6 5. Nc3 Nc6 6. Be2 Bb4 7. f3 a6 8. Nxc6
bxc6 9. Bd2 d5 10. exd5 cxd5 11. O-O Bc5+ 12. Kh1 Bd7 13. Qe1 Rb8 14. Rb1 Qb6
15. Qg3 Rg8 16. Bg5 Be7 17. Be3 Qb7 18. Bxa6 Qb4 19. a3 Bd6 20. axb4 Bxg3 21.
hxg3 Rxb4 22. Bc5 Rb8 23. Rfe1 Bc6 24. Bd3 Nh5 25. Kh2 Nf6 26. b3 Kd7 27. Ra1
Ne8 28. Ra7+ Nc7 29. Bd4 f6 30. Bc5 g6 31. Na4 Bxa4 32. bxa4 Kc6 33. Ra5 Ra8 34.
Rxa8 Rxa8 35. Be7 f5 36. Bb5+ Nxb5 37. axb5+ Kxb5 38. Rxe6 Re8 39. Re5 Kc4 40.
Bf6 Rc8 41. Re3 d4 42. Rd3 Kb5 43. Rxd4 Rxc2 44. Rd7 Rc6 45. Be5 h5 46. Rd6 Rxd6
47. Bxd6 Kc6 48. Bf4 Kd5 49. Kh3 Ke6 50. Kh4 Kf6 51. Bg5+ Kf7 52. Bd8 Kg7 53.
Kg5 Kh7 54. Bf6 Kg8 55. Kxg6 Kf8 56. Kxh5 Kf7 57. Kg5 Kg8 58. Kxf5 Kh7 59. g4
Kg8 60. g5 Kh7 61. g6+ Kg8 62. Kg5 Kf8 63. Kh6 Kg8 64. g7 Kf7 65. Kh7 Kxf6 66.
g8=Q Kf5 67. Qg7 Kf4 68. Qg6 Ke3 69. Qe4+ Kf2 70. Kg6 Kg3 71. Kg5 Kxg2 72. f4+
Kf2 73. Kg4 Kg1 74. Kg3 Kf1 75. f5 Kg1 76. Qg2# 1-0

[Event "Final Mistrzostw Polski Mlodzikow do lat 10 - Chlopcy"]
[Site "Szczyrk"]
[Date "1899-12-30"]
[Round "2.23"]
[White "Kopaczewski, Mateusz"]
[Black "Michalik, Stanislaw"]
[Result "1-0"]
[WhiteTitle "II"]
[BlackTitle "II"]
[WhiteElo "1086"]
[BlackElo "1226"]

1. e4 e6 2. d4 d5 3. Bd3 dxe4 4. Bxe4 Nf6 5. Bf3 Bd6 6. Ne2 O-O 7. O-O Nbd7 8.
c4 c5 9. Be3 Rb8 10. Nbc3 b6 11. Nb5 Bc7 12. Nxa7 Bb7 13. Nc6 Bxc6 14. Bxc6 Bd6
15. Bg5 Qc7 16. Bxd7 Nxd7 17. Kh1 f6 18. Be3 f5 19. f4 Rf6 20. d5 e5 21. fxe5
Bxe5 22. Bf4 Rbf8 23. Bxe5 Qxe5 24. b3 Rh6 25. h3 Rff6 26. Nf4 Nf8 27. Qd2 Ng6
28. Rae1 Qd6 29. Re6 Rxe6 30. Nxe6 Ne5 31. Qg5 Nf7 32. Qxg7# 1-0

[Event "Final Mistrzostw Polski Mlodzikow do lat 10 - Chlopcy"]
[Site "Szczyrk"]
[Date "1899-12-30"]
[Round "2.24"]
[White "Klask, Franciszek"]
[Black "Prokopiuk, Jakub"]
[Result "0-1"]
[WhiteTitle "II"]
[BlackTitle "II"]
[WhiteElo "1061"]
[BlackElo "1188"]

1. d4 d5 2. Nf3 c6 3. Bg5 Bf5 4. e3 Nd7 5. Bd3 Bg4 6. Nbd2 Ngf6 7. O-O e6 8. c4
Be7 9. Qc2 O-O 10. h3 Bxf3 11. Nxf3 g6 12. Rac1 Qc7 13. cxd5 exd5 14. e4 dxe4
15. Bxe4 Rfe8 16. Qd3 Nxe4 17. Bxe7 Rxe7 18. Rfe1 Ndf6 19. Qe3 Rae8 20. Ne5 Nd6
21. Qf3 Nd5 22. Rc5 f6 23. Rec1 fxe5 24. Qb3 Qb6 25. Qc2 exd4 26. Qd3 Re1+ 27.
Rxe1 Rxe1+ 28. Kh2 Qxc5 0-1

[Event "Final Mistrzostw Polski Mlodzikow do lat 10 - Chlopcy"]
[Site "Szczyrk"]
[Date "1899-12-30"]
[Round "2.25"]
[White "Piechocki, Krystian"]
[Black "Zielen, Stanislaw"]
[Result "0-1"]
[WhiteTitle "III"]
[BlackTitle "II"]
[WhiteElo "1159"]
[BlackElo "1075"]

1. e4 c5 2. c3 Nc6 3. d4 cxd4 4. cxd4 e6 5. Nc3 d6 6. Bb5 Bd7 7. Nf3 a6 8. Bxc6
Bxc6 9. O-O Ne7 10. Re1 d5 11. e5 Nf5 12. Be3 Be7 13. Qd2 Nxe3 14. Qxe3 O-O 15.
Qd3 h6 16. Re3 Kh8 17. a4 Qb6 18. Rb1 Qa5 19. b3 Rac8 20. h3 b5 21. Ree1 bxa4
22. bxa4 Bb4 23. Rb3 Bxa4 24. Rxb4 Qxb4 25. Re3 Bb5 26. Qc2 Rc4 27. Nd2 Rc6 28.
Ndb1 Rfc8 29. Kh2 Ba4 30. Qd3 Qc4 31. Qd2 Bb5 32. Na3 Qb4 33. Nab1 a5 34. Rf3
R6c7 35. Qd1 Rxc3 36. Nxc3 Rxc3 37. Rxf7 Be8 38. Ra7 Qf8 39. Qg4 Kh7 40. f3 Rc4
41. Qxe6 Qf4+ 42. Kg1 Qxd4+ 43. Kh2 Qxa7 44. Qf5+ Bg6 0-1

[Event "Final Mistrzostw Polski Mlodzikow do lat 10 - Chlopcy"]
[Site "Szczyrk"]
[Date "1899-12-30"]
[Round "2.26"]
[White "Mielcuch, Karol"]
[Black "Kostrzewski, Dawid"]
[Result "0-1"]
[WhiteTitle "II"]
[BlackTitle "III"]
[WhiteElo "1143"]
[BlackElo "1032"]

1. d4 e6 2. c4 Bb4+ 3. Nc3 Bxc3+ 4. bxc3 f5 5. Nf3 Nf6 6. Bf4 O-O 7. e3 d6 8. Be2
Ne4 9. Qc2 c5 10. O-O Nc6 11. Rfd1 b6 12. d5 Na5 13. dxe6 Bxe6 14. Ne5 Qe7 15.
Nf3 Nxc4 16. Bxc4 Bxc4 17. Nd2 Nxd2 18. Rxd2 Rad8 19. Rad1 d5 20. f3 Rfe8 21.
h4 Qxh4 22. Qxf5 Qf6 23. Qg4 Qxc3 24. Bg5 Rd6 25. Qh5 Re5 26. Qg4 Re8 27. Qg3
Rg6 28. Qh4 Qe5 29. Bf4 Qf6 30. Qf2 Qf5 31. g3 Rf6 32. Qg2 g5 33. g4 Qg6 34. Bg3
Rxe3 35. Rf2 Rfe6 36. Rfd2 b5 37. Rb2 Re8 38. Rdd2 b4 39. Bf2 Rc3 40. Bxc5 a5
41. Bb6 Qh6 42. Bxa5 Re1+ 43. Kf2 Qh4+ 44. Qg3 Rf1+ 45. Kg2 Rg1+ 46. Kxg1 Qxg3+
47. Kh1 Rc1+ 48. Rd1 Rxd1# 0-1

[Event "Final Mistrzostw Polski Mlodzikow do lat 10 - Chlopcy"]
[Site "Szczyrk"]
[Date "1899-12-30"]
[Round "2.27"]
[White "Majcher, Igor"]
[Black "Boryna, Szymon"]
[Result "1-0"]
[WhiteTitle "II"]
[BlackTitle "II"]
[WhiteElo "1129"]
[BlackElo "1008"]

1. e4 c5 2. Nf3 d6 3. d4 cxd4 4. Nxd4 a6 5. Nc3 Nf6 6. f3 b5 7. Be3 e6 8. Qd2 Be7
9. O-O-O b4 10. Nce2 a5 11. g4 d5 12. e5 Nfd7 13. f4 a4 14. g5 a3 15. b3 Qc7 16.
h4 Ba6 17. Bh3 Nc5 18. Bg2 Nd3+ 19. Kb1 Nb2 20. Rde1 Nc6 21. Nxc6 Qxc6 22. Nd4
Qc7 23. Bf2 Rc8 24. f5 Bc5 25. fxe6 Bxd4 26. exf7+ Kxf7 27. Bxd4 Rhd8 28. e6+
Ke8 29. e7 Rd7 30. Bh3 Rxe7 31. Rxe7+ Kxe7 32. Bxc8 Qxc8 33. Qe3+ Kd6 34. Qe5+
Kc6 35. Qxg7 Qg4 36. Qf6+ Kb7 37. Qb6+ Kc8 38. Qxa6+ Kd7 39. Bxb2 axb2 40. Qa7+
Kd6 41. Re1 Qg3 42. Qb8+ Kc6 43. Qxg3 1-0

[Event "Final Mistrzostw Polski Mlodzikow do lat 10 - Chlopcy"]
[Site "Szczyrk"]
[Date "1899-12-30"]
[Round "2.29"]
[White "Skupin, Bartosz"]
[Black "Tim, Wojciech"]
[Result "1-0"]
[WhiteTitle "II"]
[BlackTitle "II"]
[WhiteElo "1129"]
[BlackElo "1004"]

1. e4 e6 2. d4 d5 3. e5 c5 4. Bd3 Nc6 5. Nf3 Bd7 6. O-O Nge7 7. Bf4 Qb6 8. dxc5
Qxc5 9. Nc3 Qb4 10. Qc1 Ng6 11. Bg3 Qb6 12. Re1 a6 13. h4 Nge7 14. Na4 Qd8 15.
Nc5 Qc7 16. Qd2 Nc8 17. Nb3 Be7 18. Rad1 Nb6 19. Qf4 h6 20. h5 Qd8 21. Qg4 Bf8
22. Bh4 Qc7 23. Bg6 Ne7 24. Bd3 Nbc8 25. Rc1 b5 26. Nbd4 Rb8 27. b3 Nb6 28. Ne2
Rc8 29. Ng3 Qc3 30. Bxe7 Kxe7 31. Qh4+ Ke8 32. Nd4 Qc7 33. Qg4 Qc5 34. Red1 a5
35. Qh4 Be7 36. Qg4 Bg5 37. Rb1 a4 38. b4 Qc7 39. Bxb5 Kf8 40. Qf3 Qxe5 41. Bxd7
Nxd7 42. b5 Nb6 43. Nc6 Qf4 44. Qa3+ Kg8 45. Ne2 Qc7 46. f4 Bf6 47. Rf1 Ra8 48.
Ned4 Bxd4+ 49. Nxd4 Nc4 50. Qd3 Qb6 51. Kh1 Qd8 52. Nf3 Rb8 53. Rfe1 Qf6 54. g3
Nd6 55. Ne5 Qe7 56. Nc6 Qc7 57. Nxb8 Qxb8 58. b6 Ne4 59. Qe3 Kh7 60. b7 Rd8 61.
Qd3 Kg8 62. Rxe4 dxe4 63. Qxd8+ Qxd8 64. b8=Q Qxb8 65. Rxb8+ Kh7 66. Rb1 g6 67.
c4 gxh5 68. c5 Kg6 69. c6 Kf5 70. c7 Kg4 71. c8=Q Kxg3 72. Qc7 a3 73. f5+ Kg4
74. Rg1+ Kxf5 75. Qxf7+ Ke5 76. Qxh5+ Kd4 77. Qxh6 Kc3 78. Qc1+ Kd3 79. Qxa3+
Ke2 80. Rg2+ Ke1 81. Qc1# 1-0

[Event "Final Mistrzostw Polski Mlodzikow do lat 10 - Chlopcy"]
[Site "Szczyrk"]
[Date "1899-12-30"]
[Round "3.1"]
[White "Kaszuba, Michal"]
[Black "Ochedzan, Filip"]
[Result "0-1"]
[WhiteTitle "II"]
[BlackTitle "II"]
[WhiteElo "1370"]
[BlackElo "1596"]

1. e4 c5 2. f4 Nc6 3. Nf3 e6 4. d3 Nge7 5. c3 g6 6. Be2 Bg7 7. O-O O-O 8. Qe1 d5
9. e5 Nf5 10. g4 Nfe7 11. Qh4 h6 12. f5 exf5 13. Bxh6 f6 14. Bxg7 Kxg7 15. exf6+
Rxf6 16. g5 Rf7 17. Qh6+ Kg8 18. Qh4 Qc7 19. Nbd2 b6 20. Bd1 Ba6 21. c4 d4 22.
Ne1 Rh7 23. Qf2 Ne5 24. Ndf3 Ng4 25. Qg3 Qxg3+ 26. hxg3 Ne3 27. Rf2 Rh3 28. Be2
Rxg3+ 29. Kh2 f4 30. Ng2 Ng4+ 31. Kg1 Nxf2 32. Kxf2 Bb7 33. Nxf4 Rg4 34. Ne6 Bc8
35. Nc7 Rb8 36. Nb5 Nc6 37. Re1 Nb4 38. a3 Nc2 39. Rh1 Bb7 40. Rh6 Kg7 41. Rh2
a6 42. Nd6 Bxf3 43. Bxf3 Rxg5 44. Ne4 Rf5 45. Kg3 Ne3 46. Nd6 Nf1+ 47. Kg2 Rxf3
48. Kxf3 Nxh2+ 49. Kg3 Nf1+ 50. Kf2 Nd2 51. Ke2 Rd8 52. Nb7 Rd7 53. Nxc5 bxc5
54. Kxd2 Rb7 55. Kc2 g5 56. b4 cxb4 57. axb4 Rxb4 58. Kd2 a5 59. Ke2 a4 60. Kf3
a3 61. Ke4 a2 62. c5 a1=Q 63. c6 Rb5 64. c7 Qc1 65. c8=Q Qxc8 66. Kf3 Re5 67.
Kg3 Qf5 68. Kg2 Qg4+ 69. Kf2 Re2+ 70. Kf1 Qg2# 0-1

[Event "Final Mistrzostw Polski Mlodzikow do lat 10 - Chlopcy"]
[Site "Szczyrk"]
[Date "1899-12-30"]
[Round "3.2"]
[White "Wojtacha, Krzysztof"]
[Black "Futyma, Dawid"]
[Result "1/2-1/2"]
[WhiteTitle "I"]
[BlackTitle "II+"]
[WhiteElo "1524"]
[BlackElo "1245"]

1. e4 c5 2. Nf3 Nc6 3. Bb5 g6 4. Bxc6 bxc6 5. O-O Bg7 6. Re1 d6 7. c3 Bg4 8. h3
Bxf3 9. Qxf3 Qc7 10. d3 Rb8 11. Na3 Nf6 12. Nc4 Nd7 13. Bf4 O-O 14. Qg3 a5 15.
e5 dxe5 16. Nxe5 g5 17. Bxg5 Nxe5 18. Rxe5 f6 19. Bh6 Rf7 20. Rg5 Qxg3 21. Rxg3
Rxb2 22. Be3 f5 23. Bxc5 f4 24. Rg4 Kf8 25. d4 Bh6 26. a3 Rg7 27. Rxg7 Bxg7 28.
Re1 Bf6 29. Re6 Bh4 30. g3 fxg3 31. fxg3 Kf7 32. Rxc6 Bxg3 33. Ra6 Bc7 34. Ra7
Bd8 35. d5 Ke8 36. Ra6 Rb3 37. c4 Rc3 38. Bb6 Bxb6+ 39. Rxb6 Rxc4 1/2-1/2